| 000 | 00715nam a22002537a 4500 | ||
|---|---|---|---|
| 008 | 131123b xxu||||| |||| 00| 0 eng d | ||
| 020 | _a0-8053-8535-5 | ||
| 024 | _cAvailable | ||
| 037 | _cAvailable | ||
| 040 |
_aMBSTU LIBRARY _dMBSTU LIBRARY |
||
| 082 |
_222 _a579 TOM |
||
| 100 | _aTortora, Gerad J. | ||
| 245 | _aBicrobiology an introduction. | ||
| 250 | _a6th | ||
| 260 |
_aNew York _bLongman. _c1997 |
||
| 300 |
_a28 cm. _b832 page _f5 _g28 cm. |
||
| 600 | _2Microbiology. | ||
| 650 | _2Microbiology. | ||
| 700 | _a.Tortora, Gerad J. | ||
| 270 |
_aNew York _bNew York _dUSA |
||
| 365 |
_b5518.00 _d5518.00 |
||
| 942 |
_2ddc _cBK |
||
| 999 |
_c872 _d872 |
||